00582 2200181 4500245005000000020002200050250001100072100002700083700001900110650001700129005001900146260003700165041001400202084000800216300002200224500014500246336000900391 aKakek MisteriuscBintang Nurul HidayatihText a978-602-242-603-5 aCet. 1 aBintang Nurul Hidayati aDadan Ramadhan aNovel Remaja a20240520111845 aBandungbMizan Media Utamac2015 aIndonesia a813 a124 hlm. :cilus. aBintang, Rani, dan Betran yang bosan menunggu giliran memetik buah apel akhirnya memutuskan berjalan jalan sendiri di Wisata Kebun Apel itu. atext